<?xml version="1.0" encoding="UTF-8"?>
<record
    xmlns:xsi="http://www.w3.org/2001/XMLSchema-instance"
    xsi:schemaLocation="http://www.loc.gov/MARC21/slim http://www.loc.gov/standards/marcxml/schema/MARC21slim.xsd"
    xmlns="http://www.loc.gov/MARC21/slim">

  <leader>00492nam a2200145Ia 4500</leader>
  <controlfield tag="008">120629s9999    xx            000 0 und d</controlfield>
  <datafield tag="020" ind1=" " ind2=" ">
    <subfield code="a">970-641-459-2</subfield>
  </datafield>
  <datafield tag="082" ind1=" " ind2=" ">
    <subfield code="a">C371.302812 D714e</subfield>
  </datafield>
  <datafield tag="100" ind1=" " ind2=" ">
    <subfield code="a">Dom&#xED;nguez Hidalgo, Antonio</subfield>
  </datafield>
  <datafield tag="245" ind1=" " ind2=" ">
    <subfield code="a">Estrategias para el estudio y la comunicaci&#xF3;n : manual de consulta</subfield>
  </datafield>
  <datafield tag="260" ind1=" " ind2=" ">
    <subfield code="a">M&#xE9;xico : Progreso</subfield>
  </datafield>
  <datafield tag="300" ind1=" " ind2=" ">
    <subfield code="a">120 p</subfield>
  </datafield>
  <datafield tag="500" ind1=" " ind2=" ">
    <subfield code="a">Bibliograf&#xED;a y ep&#xED;logo po&#xE9;tico</subfield>
  </datafield>
  <datafield tag="650" ind1=" " ind2=" ">
    <subfield code="a">1. COMUNICACION-METODOLOGIA \ 2. METODOS DE ESTUDIO \ 3. EDUCACION&#xCC;</subfield>
  </datafield>
  <datafield tag="952" ind1=" " ind2=" ">
    <subfield code="0">0</subfield>
    <subfield code="1">0</subfield>
    <subfield code="4">0</subfield>
    <subfield code="7">0</subfield>
    <subfield code="a">15</subfield>
    <subfield code="b">15</subfield>
    <subfield code="d">2007-03-20</subfield>
    <subfield code="l">0</subfield>
    <subfield code="o">C371.302812 D714E</subfield>
    <subfield code="p">15 001766</subfield>
    <subfield code="r">2017-12-07</subfield>
    <subfield code="t">1</subfield>
    <subfield code="w">2012-06-28</subfield>
    <subfield code="y">LB</subfield>
  </datafield>
  <datafield tag="952" ind1=" " ind2=" ">
    <subfield code="0">0</subfield>
    <subfield code="1">0</subfield>
    <subfield code="4">0</subfield>
    <subfield code="7">0</subfield>
    <subfield code="a">15</subfield>
    <subfield code="b">15</subfield>
    <subfield code="d">2007-03-20</subfield>
    <subfield code="l">0</subfield>
    <subfield code="o">C371.302812 D714E</subfield>
    <subfield code="p">15 001767</subfield>
    <subfield code="r">2017-12-07</subfield>
    <subfield code="t">2</subfield>
    <subfield code="w">2012-06-28</subfield>
    <subfield code="y">LB</subfield>
  </datafield>
  <datafield tag="952" ind1=" " ind2=" ">
    <subfield code="0">0</subfield>
    <subfield code="1">0</subfield>
    <subfield code="4">0</subfield>
    <subfield code="7">0</subfield>
    <subfield code="a">15</subfield>
    <subfield code="b">15</subfield>
    <subfield code="d">2007-03-20</subfield>
    <subfield code="l">0</subfield>
    <subfield code="o">C371.302812 D714E</subfield>
    <subfield code="p">15 001768</subfield>
    <subfield code="r">2017-12-07</subfield>
    <subfield code="t">3</subfield>
    <subfield code="w">2012-06-28</subfield>
    <subfield code="y">LB</subfield>
  </datafield>
  <datafield tag="999" ind1=" " ind2=" ">
    <subfield code="c">75632</subfield>
    <subfield code="d">75632</subfield>
  </datafield>
</record>
